| 000 | 01548nam a2200421Ii 4500 | ||
|---|---|---|---|
| 001 | DIGANT0121 | ||
| 003 | NyNyDIG | ||
| 006 | m o d | ||
| 007 | cr ||||||||||| | ||
| 008 | 120901s2006 sp ob 000 0 spa d | ||
| 020 | _z8476587694 | ||
| 020 | _z9788476587690 | ||
| 035 | _a(OCoLC)888253366 | ||
| 040 |
_aDGITA _beng _epn _cDGITA |
||
| 050 | 1 | 4 | _aBD241 eBook |
| 245 | 0 | 3 |
_aLa interpretación del mundo : _bcuestiones para el tercer milenio / _cG. Vattimo... [et al.] ; Andrés Ortiz-Osés, Patxi Lanceros (Eds.) |
| 250 | _a1. ed. | ||
| 264 | 1 |
_aRubí, Barcelona : _bAnthropos, Editorial; _aMéxico : _bUniversidad Autonóma Metropolitana, Unidad Iztapalapa, _c2006. |
|
| 300 | _a1 online resource (239 pages) | ||
| 336 |
_atext _btxt _2rdacontent |
||
| 337 |
_acomputer _bc _2rdamedia |
||
| 338 |
_aonline resource _bcr _2rdacarrier |
||
| 490 | 1 |
_aAutores, textos y temas. Hermeneusis ; _v23 |
|
| 504 | _aIncludes bibliographical references. | ||
| 650 | 0 | _aHermeneutics. | |
| 650 | 0 |
_aPhilosophical anthropology _y21st century. |
|
| 650 | 0 |
_aScience _xPhilosophy. |
|
| 655 | 0 | _aElectronic books. | |
| 700 | 1 |
_aVattimo, Gianni, _d1936- |
|
| 700 | 1 | _aOrtiz-Osés, Andrés. | |
| 700 | 1 |
_aLanceros, Patxi, _d1962- |
|
| 791 | 2 |
_aDigitalia (Firm), _edistributor. |
|
| 830 | 0 |
_aAutores, textos y temas. _pHermeneusis ; _v23. |
|
| 793 | 0 |
_gDigitalia eBook Collection: _aAnthropos |
|
| 856 | 4 | 0 |
_3Digitalia Hispánica _uhttps://www.digitaliapublishing.com/a/15701/ |
| 910 | _aPremium Collection: 2007-2012 | ||
| 942 | _cRAA | ||
| 999 |
_c234376 _d234376 |
||